|
|
|
|
| LEADER |
00000nam2a2200000 4500 |
| 001 |
226035 |
| 005 |
20231101230713.0 |
| 010 |
|
|
|a 5628009393
|
| 035 |
|
|
|a (RuTPU)RU\TPU\book\246401
|
| 035 |
|
|
|a RU\TPU\book\246400
|
| 090 |
|
|
|a 226035
|
| 100 |
|
|
|a 20121117d1990 m y0rusy50 ca
|
| 101 |
0 |
|
|a rus
|
| 102 |
|
|
|a KZ
|
| 105 |
|
|
|a a z 001zy
|
| 200 |
0 |
|
|a Ч. 2
|
| 210 |
|
|
|d 1990
|
| 215 |
|
|
|a 224 с.
|c ил.
|
| 320 |
|
|
|a Библиогр. в конце докл.
|
| 461 |
|
1 |
|0 (RuTPU)RU\TPU\book\248221
|y 5-628-00442-1
|t Развитие работ в области катализа в Казахстане
|o в 2 ч.
|f Академия наук Казахской ССР (АН КазССР), Институт органического катализа и электрохимии (ИОКЭ) ; под ред. Г. Д. Закумбаевой
|v Ч. 2
|d 1990
|
| 606 |
1 |
|
|a Катализ
|2 stltpush
|3 (RuTPU)RU\TPU\subj\69436
|9 84287
|
| 610 |
1 |
|
|a химия
|
| 610 |
1 |
|
|a катализаторы
|
| 610 |
1 |
|
|a гидрирование
|
| 610 |
1 |
|
|a каталитический синтез
|
| 610 |
1 |
|
|a каталитическая очистка
|
| 610 |
1 |
|
|a газы
|
| 610 |
1 |
|
|a азотсодержащие соединения
|
| 610 |
1 |
|
|a кислородсодержащие соединения
|
| 610 |
1 |
|
|a физико-химические основы
|
| 610 |
1 |
|
|a окисление
|
| 610 |
1 |
|
|a органические соединения
|
| 610 |
1 |
|
|a неорганические соединения
|
| 610 |
1 |
|
|a гидрометилирование
|
| 610 |
1 |
|
|a фурфурол
|
| 610 |
1 |
|
|a фурфурольный спирт
|
| 610 |
1 |
|
|a галогениды
|
| 610 |
1 |
|
|a фотоэлектрокаталитическое преобразование
|
| 675 |
|
|
|a 544.47
|v 3
|
| 801 |
|
1 |
|a RU
|b 63413507
|c 20121117
|
| 801 |
|
2 |
|a RU
|b 63413507
|c 20121211
|g RCR
|
| 942 |
|
|
|c BK
|